Afro-Euroasian Countries - Sudden Death - Statistics

General Stats
  • This quiz has been taken 24 times
  • The average score is 13 of 20
Answers on the Grid
Answers color-coded by a green-red scale on the quiz's grid according to % correct below.
Antigua and Barbuda
Angola
Armenia

Belize
Benin
Bolivia
Burkina Faso
Burundi
Cape Verde
Comoros
Costa Rica
Cyprus
Dominica
Eritrea
Estonia
Guinea
Guyana
Ivory Coast
Jamaica
Kosovo
Malta
Mauritania
Micronesia
Moldova
Nauru
Nicaragua
Peru
São Tomé and Príncipe
Saint Kitts and Nevis
Samoa
Seychelles
Solomon Islands
Suriname
Syria
Tanzania
Tuvalu
 
Answer Stats
Answer % Correct
Africa Angola
86%
Europe Estonia
86%
Asia Armenia
79%
Africa Burkina Faso
79%
Africa Benin
71%
Africa Burundi
71%
Africa Eritrea
71%
Africa Guinea
71%
Africa Ivory Coast
71%
Asia Syria
71%
Africa Cape Verde
64%
Asia Cyprus
64%
Europe Kosovo
64%
Europe Moldova
64%
Africa Tanzania
64%
Africa Comoros
57%
Europe Malta
57%
Africa São Tomé and Príncipe
57%
Africa Mauritania
50%
Africa Seychelles
43%
No matching quizzes found
Score Distribution
Percent of People with Each Score
Percentile by Number Answered
Your Score History
You have not taken this quiz